Factores de riesgo de depresión en estudiantes del área de la salud en una ies de la ciudad de cartagena en el año 2024.. / (Registro nro. 49023)
[ vista simple ]
| 000 -LEADER | |
|---|---|
| fixed length control field | 02581nam a2200241 4500 |
| 005 - DATE AND TIME OF LATEST TRANSACTION | |
| control field | 20250618204447.0 |
| 008 - FIXED-LENGTH DATA ELEMENTS--GENERAL INFORMATION | |
| fixed length control field | 190415s2025 000 0 eng d |
| 040 ## - CATALOGING SOURCE | |
| Original cataloging agency | CO-CtgCURN |
| Language of cataloging | spa |
| Transcribing agency | coctgcurn |
| 082 0# - DEWEY DECIMAL CLASSIFICATION NUMBER | |
| Classification number | INQ 2025 |
| Item number | V441 |
| 100 1# - MAIN ENTRY--PERSONAL NAME | |
| Personal name | Vellojin Nisperuza, Reina . |
| 245 10 - TITLE STATEMENT | |
| Title | Factores de riesgo de depresión en estudiantes del área de la salud en una ies de la ciudad de cartagena en el año 2024.. / |
| Statement of responsibility, etc. | Reina Vellojin Nisperuza; Nicolas Ríos Puerta; Kevin Peralta Cotera; Directores: Stephanye Carrillo Gonzalez; Jaime Alberto Lorduy Gomez. |
| 260 ## - PUBLICATION, DISTRIBUTION, ETC. | |
| Place of publication, distribution, etc. | Cartagena de Indias : |
| Name of publisher, distributor, etc. | Corporación Universitaria Rafael Nuñez, |
| Date of publication, distribution, etc. | 2025. |
| 300 ## - PHYSICAL DESCRIPTION | |
| Extent | 70 hojas. |
| 504 ## - BIBLIOGRAPHY, ETC. NOTE | |
| Bibliography, etc. note | Trabajo de grado (Instrumentación quirúrgica). Corporación Universitaria Rafael Nuñez. Facultad de Ciencias de la Salud. Instrumentación Quirúrgica, 2025. |
| 520 ## - SUMMARY, ETC. | |
| Summary, etc. | " En la actualidad la salud mental se ha convertido en un asunto de gran importancia ya que una considerada parte de la poblacin presenta este tipo de problemas como depresin y ansiedad. La salud mental se refiere al estado general de bienestar emocional, psicolgico y social de una persona. Incluye la capacidad de manejar el estrs, las emociones, las relaciones interpersonales y enfrentar los desafos de la vida de manera efectiva. Tambin ayuda a determinar cmo manejamos el estrs, nos relacionamos con los dems y tomamos decisiones. La salud mental es importante en todas las etapas de la vida, desde la niez y la adolescencia hasta la adultez y la vejez. Por otra parte, la depresin es un sentimiento de tristeza y/o una disminucin del inters o del placer en las actividades que se convierte en un trastorno cuando es lo suficientemente intensa como para interferir con el funcionamiento normal de la persona. Los factores que pueden contribuir a la depresin incluyen desequilibrios qumicos en el cerebro, factores genticos, eventos traumticos, estrs crnico, enfermedades fsicas y ciertos medicamentos. Las causas especficas varan de una persona a otra y pueden ser una combinacin de varios factores." |
| 650 #0 - SUBJECT ADDED ENTRY--TOPICAL TERM | |
| Topical term or geographic name entry element | Instrumentación quirúrgica |
| Form subdivision | Tesis y disertaciones academicas. |
| 700 1# - ADDED ENTRY--PERSONAL NAME | |
| Personal name | Olaya Arce, Nicole Valentina. |
| 700 1# - ADDED ENTRY--PERSONAL NAME | |
| Personal name | Cifuentes Bueres, Hernando, |
| Relator term | Asesor. |
| 700 1# - ADDED ENTRY--PERSONAL NAME | |
| Personal name | Lorduy Gómez, Jaime Alberto, |
| Relator term | Asesor. |
| 856 ## - ELECTRONIC LOCATION AND ACCESS | |
| Uniform Resource Identifier | <a href="https://unicurn.sharepoint.com/:b:/s/biblioteca/ETinw3V2Uv5Avk_Qvhmey1kBBG7M5cuT_ohTxjvyy8MU6Q?e=UWaMwG">https://unicurn.sharepoint.com/:b:/s/biblioteca/ETinw3V2Uv5Avk_Qvhmey1kBBG7M5cuT_ohTxjvyy8MU6Q?e=UWaMwG</a> |
| Public note | Click aqui para ver el recurso en texto completo |
| 942 ## - ADDED ENTRY ELEMENTS (KOHA) | |
| Source of classification or shelving scheme | Dewey Decimal Classification |
| Koha item type | Trabajos de grado |
| Classification part | INQ 2025 |
| Item part | V441 |
| Withdrawn status | Lost status | Source of classification or shelving scheme | Damaged status | Not for loan | Collection | Home library | Current library | Shelving location | Date acquired | Source of acquisition | Cost, normal purchase price | Inventory number | Total checkouts | Full call number | Barcode | Date last seen | Price effective from | Koha item type |
|---|---|---|---|---|---|---|---|---|---|---|---|---|---|---|---|---|---|---|
| Dewey Decimal Classification | Trabajos de grado | Miguel Henríquez Emiliani | Miguel Henríquez Emiliani | Trabajo de grado | 06/01/2019 | El autor | 350000.00 | 025512 | INQ 2025 V441 | 025512 | 06/20/2019 | 06/20/2019 | Trabajos de grado |